Normal view
MARC view
- Serna - Saldivar, Sergio,O.
Entry Personal Name
001 - CONTROL NUMBER
- control field: 627
003 - CONTROL NUMBER IDENTIFIER
- control field: OSt
005 - DATE AND TIME OF LATEST TRANSACTION
- control field: 20160627145935.0
008 - FIXED-LENGTH DATA ELEMENTS
- fixed length control field: 160627|| aca||aabn | a|a d
040 ## - CATALOGING SOURCE
- Original cataloging agency: OSt
- Transcribing agency: OSt
100 ## - HEADING--PERSONAL NAME
- Personal name: Serna - Saldivar, Sergio,O.
670 ## - SOURCE DATA FOUND
- Source citation: Work cat.: (OSt): Serna - Saldivar, Sergio,O., Cereal Grains Laboratory Reference nd Procedures Manual, 2012
